Duos d'artistes à associer - Clic - Statistiques

Statistiques générales
  • Ce quiz a été pris 88 fois
  • Le résultat moyen est 15 sur 30
Statistiques - réponses
Hint Explanation Réponse % Correct
Jean Dujardin Un gars, une fille Alexandra Lamy
93%
Eric Judor Ramzy
85%
Kad Merad Bienvenue chez les Ch'tis / Supercondriaque Dany Boon
80%
Omar Sy Fred Testot
79%
Arnaud Tsamère Jérémy Ferrari
79%
Catherine Liliane
77%
Michèle Laroque Pierre Palmade
77%
Shirley Dino
72%
Elie Semoun Dieudonné
71%
Antoine De Caunes José Garcia
68%
Samy Naceri Taxi et ses suites Frédéric Diefenthal
67%
Yvan Le Bolloc'h Camera café Bruno Solo
64%
Grégoire Ludig PalmaShow David Marsais
60%
Mel Gibson L'Arme fatale et ses trois suites Danny Glover
55%
Garnier Sentou
48%
Bud Spencer Terrence Hill
48%
Claude Gensac Gendarme / Hibernatus Louis de Funes
47%
Tom Hanks Joe contre le volcan, Nuits blanches à Seattle et Vous avez un message Meg Ryan
45%
Sophie Daumier Guy Bedos
43%
Laurent Gerra Virginie Lemoine
41%
Thierry Lhermitte Les Ripoux Philippe Noiret
39%
José Garcimore Denise Fabre
35%
Jean Yanne Sketchs radiophoniques Jacques Martin
31%
Eli Wallach Le Bon, la brute et le truand Clint Eastwood
25%
Eric Carrière Les Chevaliers du Fiel Francis Ginibre
23%
Vincent Dubois Les Bodin's Jean-Christian Fraiscinet
21%
Helen Hunt Dingue de toi Paul Reiser
20%
Rod Steiger Il était une fois la révolution James Coburn
19%
Patrick Font Philippe Val
19%
Stephen Fry Jeeves and Wooster / A Bit of Fry and Laurie Hugh Laurie
17%
Aucun quiz correspondant
Distribution des résultats
% des personnes avec chaque résultat
Percentile par nombre de réponses
Votre historique - résultats
Vous n’avez pas pris ce quiz